| 000 | 00381nam a22001457a 4500 | ||
|---|---|---|---|
| 008 | 250811b |||||||| |||| 00| 0 eng d | ||
| 020 | _a0538111402 | ||
| 050 |
_aHD 32.2 .G66 _b.G66 |
||
| 100 | _aGOODMAN DAVID G. | ||
| 245 | _aBUSINESS RECORDS CONTROL | ||
| 250 | _a6th | ||
| 260 |
_aUNITED STATES OF AMERICA _bSOUTH-WESTERN PUBLISHING CO. _c1987 |
||
| 300 | _a245p. | ||
| 942 | _cBK | ||
| 999 |
_c4457 _d4457 |
||